000 00509nam a2200157 a 4500
001 000040346
005 20201002034055.0
008 130822s19uu sp ac 001 0 spa d
040 _aDO-SdBNP
_bspa
_cBNPHU
100 1 _aLlopis, José J.
_966642
245 1 0 _aEnigmas de la antigua América /
_cJosé J. Llopis.
260 _aMadrid :
_bDaimon,
_c[196?].
300 _a399 p. :
_bil., retrs. ;
_c22 cm.
500 _aIncluye índice
500 _aIncluye referencias bibliográficas y notas al pie de las páginas
999 _c39836
_d39836